Locations by Letter - S - Statistics

General Stats
  • This quiz has been taken 32,443 times
    22,793 since last reset
  • The average score is 14 of 21
Answer Stats
Description Location % Correct
Vast African desert Sahara
97%
Big Bird's street Sesame Street
88%
The vast area of eastern Russia Siberia
87%
Witch trial city of Massachusetts Salem
85%
Forest where Robin Hood lived Sherwood
83%
Rival of ancient Athens Sparta
80%
Town where the Simpsons live Springfield
80%
Island from which the Corleones hail Sicily
76%
Country once ruled by Macbeth Scotland
69%
Rome's biggest basilica St. Peter's
67%
Fields sung of by the Beatles, where nothing is real Strawberry Fields
66%
Seattle's most famous landmark Space Needle
65%
Shakespeare's birth place Stratford-upon-Avon
62%
River that forms the border of Hades and Earth Styx
62%
Where Cartman lives South Park
60%
Homeland of hobbits in Middle Earth Shire, the
57%
London's tallest building Shard
54%
Town in Kansas where Clark Kent grew up Smallville
53%
Island from which King Kong was kidnapped Skull Island
49%
City where "The Office" is set Scranton or Slough
48%
City where Buffy battles vampires Sunnydale
14%
No matching quizzes found
Score Distribution
Percent of People with Each Score
Percentile by Number Answered
Your Score History
You have not taken this quiz since the last reset